000 01190nam a2200193 4500
005 20251009162038.0
008 251009b |||||||| |||| 00| 0 eng d
020 _a97810323802513
037 _cTextual
040 _aRTL
_cRTL
084 _qRTL
245 _aMaking geography matter: The past and present of a changing discipline
300 _axv, 399 p.
_bIncludes bibliographical reference and index
520 _aWhat is the purpose of Geography? What do geographers study and why? How do they seek to shape the world they interrogate? This book addresses these questions by examining the lives and works of individual geographers, both past and present. Like all disciplines, Geography is no more nor less than the collective endeavours of researchers and teachers operating in specific contexts. The contexts both shape, and are shaped by, these individuals. This book's biographical and autobiographical chapters transport readers to the times and places where geographers have sought to make Geography matter.
700 _aCastree, Noel
_eEditor
_9847916
700 _aBarnes, Trevor
_eEditor
_9847917
700 _aSalmond, Jennifer
_eEditor
_9847918
942 _2CC
_n0
_cTEXL
999 _c1464658
_d1464658